Here you will find the least and most remembered Pokémon Characters (Generation 1), as well as how your score stacks up against everyone else who took this quiz.

Think you can do better this time?
Play Again.
 
This Pokémon Characters Quiz has been taken 1,361,765 times (565 today).
Dex Pokémon % Guessed Right
025Pikachu
93.7%
004Charmander
93.1%
007Squirtle
91.5%
001Bulbasaur
91.2%
006Charizard
90%
151Mew
87.2%
009Blastoise
86.1%
005Charmeleon
85.3%
002Ivysaur
83.7%
150Mewtwo
83.5%
026Raichu
82.4%
008Wartortle
80.7%
012Butterfree
77.3%
003Venusaur
77%
016Pidgey
75.7%
018Pidgeot
75.4%
010Caterpie
74.4%
013Weedle
74%
011Metapod
73.6%
015Beedrill
73.2%
074Geodude
72.9%
017Pidgeotto
72.8%
014Kakuna
71.3%
145Zapdos
70.8%
144Articuno
70.1%
019Rattata
69.9%
095Onix
69%
146Moltres
68.5%
149Dragonite
68.2%
063Abra
67.5%
039Jigglypuff
67.4%
064Kadabra
66.2%
065Alakazam
66.1%
133Eevee
65.7%
023Ekans
65.7%
148Dragonair
65.6%
076Golem
65.6%
075Graveler
64.9%
092Gastly
64.8%
020Raticate
64.8%
129Magikarp
64.7%
147Dratini
64.7%
024Arbok
64.6%
093Haunter
64.5%
021Spearow
63.8%
034Nidoking
62.9%
022Fearow
62.8%
029Nidoran♀
62.8%
032Nidoran♂
62.8%
031Nidoqueen
62.7%
068Machamp
62.3%
Dex Pokémon % Guessed Right
052Meowth
62%
094Gengar
61.6%
066Machop
61.6%
136Flareon
61.2%
030Nidorina
61.2%
143Snorlax
61.2%
134Vaporeon
60.7%
033Nidorino
60.7%
135Jolteon
60.4%
067Machoke
60.3%
043Oddish
60.1%
120Staryu
60%
051Dugtrio
59.9%
040Wigglytuff
59.7%
050Diglett
59.5%
037Vulpix
59.2%
121Starmie
59.1%
044Gloom
58.9%
035Clefairy
57.5%
106Hitmonlee
57.4%
100Voltorb
57.3%
038Ninetales
57.2%
101Electrode
57.2%
109Koffing
56.5%
118Goldeen
56.5%
059Arcanine
56.4%
041Zubat
56.3%
107Hitmonchan
56.2%
077Ponyta
56.1%
110Weezing
56.1%
069Bellsprout
56%
058Growlithe
55.9%
124Jynx
55.7%
123Scyther
55.6%
053Persian
55.5%
045Vileplume
55.4%
126Magmar
54.7%
078Rapidash
54.7%
036Clefable
54.4%
042Golbat
54%
122Mr. Mime
53.7%
027Sandshrew
52.4%
119Seaking
52.2%
130Gyarados
52.2%
125Electabuzz
51.9%
028Sandslash
51.5%
089Muk
51.4%
131Lapras
50.9%
070Weepinbell
50.8%
132Ditto
50.6%
054Psyduck
50.4%
Dex Pokémon % Guessed Right
140Kabuto
50.4%
113Chansey
50.1%
081Magnemite
50%
082Magneton
49.4%
141Kabutops
49.1%
088Grimer
48.6%
086Seel
47.8%
071Victreebel
47.5%
061Poliwhirl
46.8%
142Aerodactyl
46.8%
055Golduck
46.5%
087Dewgong
46.4%
056Mankey
46.2%
073Tentacruel
46.1%
072Tentacool
46%
060Poliwag
45.9%
062Poliwrath
44.5%
079Slowpoke
43.9%
128Tauros
43.9%
049Venomoth
43.9%
116Horsea
43.8%
048Venonat
43.7%
112Rhydon
43.6%
084Doduo
43.1%
138Omanyte
43%
139Omastar
43%
057Primeape
42.9%
137Porygon
42.8%
097Hypno
42.7%
115Kangaskhan
42.7%
111Rhyhorn
42.2%
046Paras
41.9%
080Slowbro
41.6%
096Drowzee
41.4%
117Seadra
41.2%
114Tangela
41.2%
104Cubone
41.1%
083Farfetch'd
40.9%
091Cloyster
40.7%
047Parasect
40.4%
085Dodrio
40.2%
127Pinsir
40.2%
090Shellder
39.4%
105Marowak
38.5%
098Krabby
38%
099Kingler
36.6%
108Lickitung
34.7%
102Exeggcute
32.5%
103Exeggutor
32.3%

How do you compare to other Pokémon Characters quiz takers?

Number % Answered
151 (all)
8%
144-150
8.5%
137-143
6.5%
130-136
5.4%
123-129
4.9%
116-122
4.6%
109-115
4.5%
102-108
4.3%
95-101
4.1%
88-94
3.9%
81-87
3.7%
74-80
3.6%
67-73
3.2%
60-66
3.1%
53-59
2.9%
46-52
2.7%
39-45
2.6%
32-38
2.6%
25-31
2.7%
18-24
3.2%
11-17
4.1%
4-10
6.6%
1-3
4.3%

You might also like these games:
Pokémon (Generation II)   Pokémon (Gen III)   Pokémon (Gen IV)
There are 281 comments for this game.
(Warning: comments may contain spoilers)

Pokémon Characters Quiz

  1. by Matt
  • Created Feb 3, 2008 in Gaming
  • Featured Feb 3, 2008
  • Game Plays 1,361,765

Remember, Sporcle is now...

Friend Scores and Standings

Loading friend results....